[Event "91st GER-ch 2020"]
[Site "Magdeburg"]
[Date "2020.08.22"]
[Round "9.9"]
[White "Geue, Niklas"]
[Black "Braun, Georg"]
[Result "0-1"]
[WhiteElo "2050"]
[BlackElo "2360"]
[Annotator "RC"]
[PlyCount "114"]
[EventDate "2020.08.16"]
[EventType "swiss"]
[EventCountry "GER"]
[SourceTitle "playchess.com"]
[Source "ChessBase"]
[SourceQuality "1"]
[TimeControl "40/5400+30:1800+30"]

1. Nf3 {[%emt 0:00:00]} c5 {[%emt 0:00:01]} 2. c4 {[%emt 0:00:10]} Nc6 {[%emt 0:00:13]} 3. g3 {[%emt 0:00:08]} g6 {[%emt 0:00:19]} 4. Bg2 {[%emt 0:01:20]} Bg7 {[%emt 0:00:10]} 5. Nc3 {[%emt 0:00:09]} e5 {[%emt 0:00:33]} 6. d3 {[%emt 0:01:13]} Nge7 {[%emt 0:01:40]} 7. O-O {[%emt 0:01:14]} O-O {[%emt 0:00:26]} 8. Rb1 {[%emt 0:00:29]} d6 {[%emt 0:05:45]} 9. a3 {[%emt 0:03:09]} Bg4 {[%emt 0:01:47]} 10. h3 {[%emt 0:06:23]} Bf5 {[%emt 0:04:22]} 11. b4 {[%emt 0:01:45]} Rb8 {[%emt 0:01:23]} 12. Nd2 {[%emt 0:08:18]} Qd7 {[%emt 0:05:11]} 13. Kh2 {[%emt 0:02:40]} b6 {[%emt 0:01:25]} 14. Nde4 {[%emt 0:02:18]} Kh8 {[%emt 0:01:18]} 15. Bg5 {[%emt 0:01:36]} f6 {[%emt 0:03:49]} 16. Bd2 {[%emt 0:05:23]} Be6 {[%emt 0:01:12]} 17. Qc1 {[%emt 0:02:20]} f5 {[%emt 0:01:32]} 18. Ng5 {[%emt 0:00:38]} Bg8 {[%emt 0:00:09]} 19. e4 {[%emt 0:09:12]} h6 {[%emt 0:06:22]} 20. Nf3 {[%emt 0:01:43]} Kh7 {[%emt 0:01:46]} 21. b5 {[%emt 0:01:28]} Nd4 {[%emt 0:02:44]} 22. Nxd4 {[%emt 0:01:06]} cxd4 {[%emt 0:00:30]} 23. Nd5 {[%emt 0:01:14]} Nxd5 {[%emt 0:08:29]} 24. cxd5 {[%emt 0:01:02]} Rbc8 {[%emt 0:00:50]} 25. Qb2 {[%emt 0:00:24]} h5 {[%emt 0:04:52]} 26. Rbc1 {[%emt 0:04:29]} Rxc1 {[%emt 0:01:13]} 27. Bxc1 {[%emt 0:01:41]} fxe4 {[%emt 0:07:07]} 28. dxe4 {[%emt 0:03:18]} Rc8 {[%emt 0:00:46]} 29. Bd2 {[%emt 0:02:24]} Rc5 {[%emt 0:00:37]} 30. a4 {[%emt 0:03:13]} Qc7 {[%emt 0:01:15]} 31. Rc1 {[%emt 0:00:40]} Bh6 {[%emt 0:01:53]} 32. Rxc5 {[%emt 0:01:58]} bxc5 {[%emt 0:08:53]} 33. Bxh6 {[%emt 0:04:46]} Kxh6 {[%emt 0:00:04]} 34. Bf1 {[%emt 0:00:23]} Kg7 {[%emt 0:03:00]} 35. Qc1 {[%emt 0:03:52]} Qa5 {[%emt 0:05:00]} 36. h4 {[%emt 0:01:42]} Qxa4 {[%emt 0:02:34]} 37. Qg5 {[%emt 0:01:45]} d3 {[%emt 0:05:20]} 38. Bxd3 {[%emt 0:03:14]} Qd4 {[%emt 0:01:20]} 39. Qe7+ {[%emt 0:07:22]} Bf7 {[%emt 0:00:10]} 40. Qxa7 {[%emt 0:00:55]} Qxf2+ {[%emt 0:01:17]} 41. Kh1 {[%emt 0:32:11]} Qf3+ {[%emt 0:35:14]} 42. Kh2 {[%emt 0:02:31]} Qf2+ {[%emt 0:07:47]} 43. Kh1 {[%emt 0:00:08]} Qe1+ {[%emt 0:00:35]} 44. Kg2 {[%emt 0:01:56]} Qd2+ {[%emt 0:00:08]} 45. Kg1 {[%emt 0:04:14]} Qxd3 {[%emt 0:00:00]} 46. b6 {[%emt 0:00:00]} Qe3+ {[%emt 0:00:00]} 47. Kf1 {[%emt 0:00:00]} c4 {[%emt 0:00:00]} 48. Qc7 {[%emt 0:00:00]} Qc1+ {[%emt 0:00:00]} 49. Ke2 {[%emt 0:00:00]} Qb2+ {[%emt 0:00:00]} 50. Kf3 {[%emt 0:00:00]} c3 {[%emt 0:00:00]} 51. b7 {[%emt 0:00:00]} c2 {[%emt 0:00:00]} 52. b8=Q {[%emt 0:00:00]} Qxb8 {[%emt 0:00:00]} 53. Qxb8 {[%emt 0:00:00]} c1=Q {[%emt 0:00:00]} 54. Qxd6 {[%emt 0:00:00]} Qc3+ {[%emt 0:00:00]} 55. Kf2 {[%emt 0:00:00]} Qd4+ {[%emt 0:00:00]} 56. Kf3 {[%emt 0:00:00]} Qd3+ {[%emt 0:00:00]} 57. Kf2 {[%emt 0:00:00]} Qxe4 {[%emt 0:00:00]} 0-1

[Event "91st GER-ch 2020"]
[Site "Magdeburg"]
[Date "2020.08.22"]
[Round "9.10"]
[White "Nguyen, Alex Dac-Vuong"]
[Black "Andre, Gordon"]
[Result "1-0"]
[WhiteElo "2366"]
[BlackElo "2373"]
[Annotator "TA"]
[PlyCount "173"]
[EventDate "2020.08.16"]
[EventType "swiss"]
[EventCountry "GER"]
[SourceTitle "playchess.com"]
[Source "ChessBase"]
[SourceQuality "1"]

{[%evp 12,173,16,-14,51,50,78,74,74,69,91,65,61,0,0,0,0,-16,-15,-63,-67,-59,-51,-57,-57,-62,-58,-77,-67,-81,-69,-79,-59,-63,-57,-66,-60,-79,-68,-89,-99,-87,-100,-76,-30,-66,-66,-66,-66,-66,-66,-72,-39,-39,-39,-39,-39,-39,-39,-39,-39,-39,-39,-126,-133,-170,-160,-175,0,-99,-40,-40,-40,-40,0,-126,-126,-157,-126,-144,-133,-125,-64,-146,-87,-180,-85,-62,-66,-75,-26,-39,-39,-37,-13,-19,-12,-133,-57,-59,-65,-80,-75,-73,0,-76,0,-89,-74,-87,-140,-255,-205,-179,-183,-262,0,-266,0,-254,0,0,0,0,0,0,0,0,0,0,0,0,0,0,0,0,0,0,0,0,0,0,0,0,0,0,0,0,0,0,0,0,0,0,0,0,12842,12842,12843,12843,12847,12847,12849,12849]} 1. e4 e6 2. d4 d5 3. Nc3 Bb4 4. e5 Ne7 5. a3 Bxc3+ 6. bxc3 b6 {is cutting edge theory.} 7. h4 h5 {C16: French: 3 Nc3 Bb4 4 e5: Lines without ...c5.} ({Better is} 7... Ba6 $11) 8. Be2 $14 g6 9. Bg5 c5 {[#] White is better.} 10. Bf6 $146 ({Predecessor:} 10. Nf3 Ba6 11. dxc5 bxc5 12. Bxa6 Nxa6 13. Bf6 Rg8 14. O-O Qa5 15. c4 Nc7 16. Ng5 {1-0 (37) Lomasov,S (2395)-Ragnarsson,D (2274) Pardubice 2016}) 10... Rg8 11. Qd2 Ba6 12. Qh6 (12. Bxa6 $14 Nxa6 13. Nf3) 12... Bxe2 13. Nxe2 Nd7 14. Qh7 Qc7 15. O-O Nf8 16. Qh6 Nf5 17. Qd2 Nh7 18. Bg5 Nxg5 19. Qxg5 Qe7 20. g3 Qxg5 21. hxg5 Rc8 22. Ra2 Kd7 23. Rb1 Rc6 24. Kf1 Rgc8 25. Rbb2 cxd4 26. cxd4 Rc4 27. c3 Ne7 (27... Rxc3 $5 28. Nxc3 Rxc3 $15) 28. Ke1 Rh8 29. Kf1 h4 30. g4 h3 {Strongly threatening ...h2.} 31. Rb1 Rcc8 32. Kg1 h2+ 33. Kg2 Rh4 34. f3 $1 Rch8 $36 {[%mdl 2048] Black is pushing.} 35. Rh1 Nc6 36. Ng3 Na5 37. Nf1 (37. a4 $15) 37... Rc8 $17 38. Rc2 Nc4 $1 39. Ra2 Na5 (39... b5 $19 40. a4 bxa4 41. Rxa4 a5) 40. Rc2 $1 Nb3 (40... Rh7 $17) 41. Ne3 $15 Rch8 42. Nf1 Na5 (42... Kc6 $15) 43. Ra2 $17 Nc4 $1 44. Kg3 Rh3+ 45. Kg2 R3h7 46. Kg3 Rc8 (46... b5 $17 47. Rhxh2 Rxh2 48. Nxh2 Rc8) 47. a4 (47. f4 $15) 47... Rch8 (47... a5 $142 $1) 48. Kf4 (48. Ra1 $17 {might work better.}) 48... Rh3 (48... a5 $19 {has better winning chances.} 49. Rhxh2 (49. Raxh2 $2 Rxh2 50. Nxh2 Rh3 $19) 49... Rxh2 50. Nxh2 (50. Rxh2 Rxh2 51. Kg3 Rc2 $19) 50... Kc6) 49. Rhxh2 Rxh2 50. Nxh2 {[%mdl 4096] Endgame KRN-KRN} Kc6 51. Nf1 $1 Rh1 52. Ne3 Rc1 53. Nxc4 $1 dxc4 $11 {KR-KR} 54. Ra3 {[#]} (54. Rh2 $1 $11) 54... Kd5 ({Black should play} 54... a5 $1 $17 55. Ke3 Rc2) 55. Ke3 $15 a5 {[%mdl 1024] Black has compensation.} 56. Kd2 Rf1 57. Ke2 Rc1 58. Kd2 $1 {[%cal Rd2c1]} Rf1 59. Ke2 $1 {[%cal Re2f1]} Rg1 60. Kd2 Rg2+ ({Black should try} 60... Kc6) 61. Ke1 (61. Ke3 $17) 61... Rc2 62. Kf1 Kc6 63. Ke1 Kd5 64. Kf1 $1 Kc6 65. Ke1 $1 b5 $2 (65... Rg2 $19 66. Kf1 Rb2) 66. axb5+ $11 Kxb5 67. f4 $1 Rg2 68. f5 $1 Rxg4 ({Don't take} 68... gxf5 69. gxf5 exf5 70. Kf1 $17) 69. f6 Rxg5 {Hoping for ...Rg2.} 70. Kf2 Rh5 71. Ra1 Rh2+ 72. Kg3 Rh8 73. Kf4 a4 74. Rb1+ Kc6 {aiming for ...Ra8.} 75. Rb4 $1 Ra8 {Threatens to win with ...a3.} 76. Rxc4+ Kd7 77. Rb4 a3 {White must now prevent ...a2.} 78. Rb1 a2 79. Ra1 Kc6 80. c4 $1 Ra3 81. Kg5 Kd7 82. d5 {And now Kh6 would win.} exd5 83. cxd5 {Black should prevent Kh6.} Rg3+ $2 {[%mdl 8192] [#]} (83... Ra5 $11) 84. Kh6 $1 $18 {White is clearly winning.} Ra3 85. Kg7 Ke8 86. e6 Ra7 {[#]} 87. Rxa2 $1 {[%mdl 512] A wild game. Accuracy: White = 80%, Black = 77%.} 1-0

[Event "91st GER-ch 2020"]
[Site "Magdeburg"]
[Date "2020.08.22"]
[Round "9.11"]
[White "Trifan, Andrei Ioan"]
[Black "Tschernatsch, Johannes"]
[Result "1/2-1/2"]
[WhiteElo "2249"]
[BlackElo "2241"]
[Annotator "TA"]
[PlyCount "83"]
[EventDate "2020.08.16"]
[EventType "swiss"]
[EventCountry "GER"]
[SourceTitle "playchess.com"]
[Source "ChessBase"]
[SourceQuality "1"]

{[%evp 20,83,18,11,10,6,6,14,14,17,14,7,0,0,0,-36,-31,-35,-25,-22,-14,-30,-20,-29,-30,-16,-32,-47,-53,-41,-23,-23,-23,-22,-22,-22,-22,-23,-11,-18,-8,-25,-6,-9,0,-15,-8,-35,-8,-47,-7,-10,-10,-13,-13,-13,-13,-13,-14,-13,-15,-14,0,-15,-25,-20]} 1. e4 c5 2. Nf3 Nc6 3. d4 cxd4 4. Nxd4 Nf6 5. Nc3 e5 6. Ndb5 d6 7. Bg5 a6 8. Na3 b5 {[%cal Bb7b5,Bb5b4][%mdl 32]} 9. Nd5 Be7 10. Bxf6 Bxf6 11. c4 b4 {B33: Sicilian: Pelikan and Sveshnikov Variations.} 12. Nc2 O-O 13. Be2 a5 {The position is equal.} 14. O-O Bg5 15. Qd3 Be6 16. Rad1 g6 17. f4 exf4 18. Nxf4 Bxf4 19. Rxf4 Qg5 {[#]} 20. g3 $146 ({Predecessor:} 20. Rf2 Ne5 21. Qd4 Rfd8 22. b3 Rac8 23. Rdf1 Nd7 24. Ne3 Nc5 25. Nd5 Bxd5 26. cxd5 Rc7 27. Bd3 Qe5 28. Qxe5 dxe5 {1-0 (29) Niemand,G-Gerhold,M Austria 1992}) 20... Qc5+ 21. Rf2 Rfd8 22. b3 a4 23. Nd4 Nxd4 24. Qxd4 Qxd4 (24... axb3 {with more complications.} 25. axb3 Rd7 26. Rd3 Ra2 27. g4 Rc2) 25. Rxd4 axb3 26. axb3 Kf8 27. Bd1 Ke7 28. Rfd2 Rd7 29. Kf2 Ra6 30. Ke3 h6 31. h3 Rda7 32. h4 Ra3 33. Kf4 R7a6 34. g4 Ra2 35. g5 hxg5+ 36. hxg5 Rxd2 37. Rxd2 $11 {KRB-KRB} Ra8 38. Ke3 Ra5 39. Rg2 Bh3 40. Rh2 Be6 41. Kf4 Ra1 42. Rd2 {Accuracy: White = 90%, Black = 93%.} 1/2-1/2

[Event "91st GER-ch 2020"]
[Site "Magdeburg"]
[Date "2020.08.22"]
[Round "9.12"]
[White "Voege, Tobias"]
[Black "Miller, Eduard"]
[Result "0-1"]
[WhiteElo "2326"]
[BlackElo "2392"]
[Annotator "TA"]
[PlyCount "108"]
[EventDate "2020.08.16"]
[EventType "swiss"]
[EventCountry "GER"]
[SourceTitle "playchess.com"]
[Source "ChessBase"]
[SourceQuality "1"]

{[%evp 13,107,57,47,53,50,57,60,35,61,37,35,0,8,3,11,27,17,14,26,8,28,41,33,-5,-9,-24,-40,-49,-54,-14,109,96,89,-14,68,68,68,69,68,76,87,8,10,25,34,0,0,0,0,0,0,0,0,0,48,-396,-395,-522,-512,-523,-510,-448,-447,-601,-576,-708,-708,-708,-635,-635,-633,-1412,-1505,-637,-701,-877,-828,-7472,-6401,-2501,-2652,-12833,-12832,-12836,-12836,-12837,-12837,-12838,-12839,-12840,-12840,-12840,-12838,-12837,-12835,-29999]} 1. c4 e5 2. g3 Nc6 3. Nc3 f5 4. Bg2 Nf6 5. e3 d6 6. Nge2 Be7 7. O-O O-O 8. d4 {A21: English Opening: 1...e5 2 Nc3.} Qe8 9. Nd5 Bd8 10. Rb1 {[#] White is slightly better.} a5 $146 ({Predecessor:} 10... Kh8 11. b4 a6 12. a4 Nxd5 13. cxd5 Ne7 14. dxe5 dxe5 15. Bb2 Ng6 16. f4 Bd7 {½-½ (28) Kaposztas,M (2268)-Mercier,J (2273) Budapest 2003}) 11. Nec3 Ne7 12. b3 (12. Nxf6+ {feels hotter.} Rxf6 13. b3 c6 14. dxe5 dxe5 15. Na4) 12... Nexd5 13. Nxd5 Nxd5 14. Bxd5+ Kh8 15. Bg2 Bf6 16. Ba3 exd4 17. exd4 f4 18. Qd2 ({But not} 18. gxf4 Qg6 $15) 18... Qg6 19. Qxf4 Bf5 20. Rbe1 Bg5 {[%mdl 1024] Black has compensation.} 21. Qf3 c6 (21... Bd2 $11) 22. h4 $16 Bd3 23. Qg4 (23. h5 $16 Rxf3 24. hxg6) 23... Bf6 (23... Bxf1 $11 24. Rxf1 Bf6 25. Qxg6 hxg6) 24. Qxg6 $14 hxg6 25. Bxd6 Bxf1 26. Kxf1 Rfd8 {[#]} 27. Be5 ({Better is} 27. c5 $1 $16) 27... Bxe5 $11 28. dxe5 {[%mdl 4096] Endgame Be4 is the strong threat. KRR-KRB} Kg8 $1 29. e6 Rd2 30. Be4 Kf8 $1 31. Bxg6 {White wants to mate with e7+.} Ke7 32. a4 Rb2 33. Re3 Rd8 34. Bf5 $2 {[%mdl 8192] [#] White does not recover from this.} (34. Kg2 $14 {stays ahead.}) 34... Rf8 $1 $19 {[%cal Rf8f5]} 35. g4 {[#]} g6 $1 {[%mdl 512]} 36. Bxg6 {Strongly threatening Bf5.} Rfxf2+ 37. Kg1 Rg2+ 38. Kh1 Rgd2 {( -> ...Rd1+)} 39. Re1 Rh2+ {[%mdl 64] Double Attack} 40. Kg1 Rbg2+ 41. Kf1 Rxg4 42. h5 Rh1+ 43. Kf2 Rxe1 44. Kxe1 Kxe6 {KR-KB} 45. Kd2 Ke5 46. Kc3 Rg3+ 47. Kb2 c5 48. Bc2 Rh3 49. Bg6 Kd4 50. Ka3 Kc3 51. Bf7 Rh1 {[%cal Rh1a1]} 52. Ka2 Rh2+ 53. Ka3 Rb2 54. b4 cxb4# {Accuracy: White = 43%, Black = 85%.} 0-1

[Event "91st GER-ch 2020"]
[Site "Magdeburg"]
[Date "2020.08.22"]
[Round "9.13"]
[White "Schulz, Lukas"]
[Black "Florstedt, Johannes"]
[Result "0-1"]
[WhiteElo "2293"]
[BlackElo "2350"]
[Annotator "TA"]
[PlyCount "68"]
[EventDate "2020.08.16"]
[EventType "swiss"]
[EventCountry "GER"]
[SourceTitle "playchess.com"]
[Source "ChessBase"]
[SourceQuality "1"]

{[%evp 11,68,10,15,-2,-13,-44,-41,-48,-55,-38,23,20,28,28,18,11,64,56,60,54,85,41,139,138,183,151,192,189,189,186,175,192,189,179,191,184,181,173,205,168,182,149,112,133,148,52,71,-145,-156,-414,-415,-359,-404,-386,-377,-600,-581,-573,-582]} 1. e4 c5 2. Nf3 d6 3. d4 cxd4 4. Nxd4 Nf6 5. Nc3 a6 6. h3 e6 {[#]} 7. Qe2 $146 {B90: Sicilian Najdorf: Unusual White 6th moves, 6 Be3 Ng4 and 6 Be3 e5.} ({Predecessor:} 7. g4 h6 8. Bg2 Be7 9. Be3 Nc6 10. f4 Nd7 11. Nf3 b5 12. Qd2 Bb7 13. O-O-O Na5 14. b3 Rc8 15. Kb1 Qc7 16. Ne2 Bxe4 17. Rc1 d5 18. Ng3 Ba3 19. Bd4 O-O 20. g5 Nc5 21. Bxc5 Qxc5 22. gxh6 Nc4 {0-1 (22) Anand,V (2753)-Ding,L (2791) chess24.com INT 2020}) 7... b5 {[%cal Bb7b5,Bb5b4][%mdl 32]} 8. g4 b4 9. Nd1 {Black is slightly better.} Bb7 10. Bg2 g6 (10... d5 $15) 11. O-O $11 Bg7 12. a3 h5 {...hxg4 is the strong threat.} 13. g5 Nh7 ({Black should try} 13... Nfd7 $11 14. Be3 bxa3) 14. Qc4 $14 Nxg5 15. Qxb4 Bc8 16. f4 Nh7 (16... a5 $14 17. Qc3 e5) 17. e5 $1 $36 {[%mdl 2048] White is really pushing.} a5 18. Qb3 d5 19. c4 Ba6 20. Ne3 {Hoping for Rd1.} O-O 21. Rd1 {[%cal Rc4d5]} dxc4 22. Nxc4 Bxc4 23. Qxc4 Ra7 24. Be3 Rc7 25. Qb3 Qh4 26. Kh2 Bh6 27. Rf1 Nd7 28. Rad1 ({Better is} 28. Qb5 $16) 28... Rb8 $14 {[#]} 29. Qa2 $2 {[#]} (29. Qd3 $1 $16 {is forced if you want to stay better. Strongly threatening Nxe6!} Rxb2 30. Rd2) 29... Nxe5 $1 $17 {[%mdl 512] Threatens to win with ...Ng4+.} 30. fxe5 $2 {This move loses the game for White.} (30. Kh1 $17 {was called for.}) 30... Bxe3 $19 31. Nxe6 fxe6 32. Qxe6+ Kg7 {aiming for ...Bf4+.} ({But not} 32... Kh8 33. Qd6 $19) 33. Rd7+ (33. Qd6 $142 Qe7 34. Rde1) 33... Rxd7 34. Qxd7+ Kh6 {Accuracy: White = 48%, Black = 70%.} 0-1

[Event "91st GER-ch 2020"]
[Site "Magdeburg"]
[Date "2020.08.22"]
[Round "9.14"]
[White "Bastian, Herbert"]
[Black "Falke, Isaak"]
[Result "1-0"]
[WhiteElo "2272"]
[BlackElo "2113"]
[Annotator "TA"]
[PlyCount "65"]
[EventDate "2020.08.16"]
[EventType "swiss"]
[EventCountry "GER"]
[SourceTitle "playchess.com"]
[Source "ChessBase"]
[SourceQuality "1"]

{[%evp 11,65,8,29,24,109,109,114,90,178,151,163,136,177,183,190,185,187,193,193,183,181,168,160,173,185,192,201,162,435,399,485,442,676,552,631,667,670,666,834,849,841,839,832,806,1246,1021,1876,1795,29989,29990,29989,29990,29993,29989,29989,29990]} 1. e4 e6 2. d4 d5 3. e5 c5 4. c3 Nc6 5. Nf3 Qb6 6. a3 Nh6 7. b4 {C02: French: Advance Variation.} cxb4 (7... cxd4 $11 {remains equal.} 8. cxd4 Nf5) 8. axb4 Nf5 9. Bd3 {White is better.} Nfe7 (9... Bd7 $16) 10. O-O Bd7 {[#]} 11. Nbd2 $146 ({Predecessor:} 11. Qc2 Rc8 12. Qb3 h6 13. Nbd2 g5 14. Bb2 Bg7 15. Ra2 f6 16. exf6 Bxf6 17. Rfa1 {½-½ (55) Szilassi,A (1629)-Czupor,A Balatonlelle 2009}) 11... Qc7 {[#]} 12. Nb3 $1 b6 13. b5 Nd8 14. Bd2 f5 15. Rc1 Qb7 16. Ne1 Nf7 17. f4 h6 18. Nf3 g6 19. Be3 O-O-O $2 (19... Bg7 {might work better.} 20. Nbd2 O-O) 20. Rf2 $18 Kb8 21. Ra2 Rc8 (21... Qc7 $142 22. c4 dxc4) 22. Rca1 Rc7 {[#]} 23. Nc5 $1 {[%mdl 512]} bxc5 24. dxc5 Nc8 25. c6 Bxc6 26. bxc6 Qxc6 27. Nd4 Qb7 28. Ba6 Qa8 29. Nxe6 Nb6 30. Bxb6 {White mates.} axb6 31. Bb5 Qb7 {[#]} 32. Ra8+ $1 {[%mdl 512]} Qxa8 33. Rxa8+ {White took control after the opening. Accuracy: White = 96%, Black = 35%.} 1-0

[Event "91st GER-ch 2020"]
[Site "Magdeburg"]
[Date "2020.08.22"]
[Round "9.15"]
[White "Schulte, Felix"]
[Black "Weber, Max"]
[Result "0-1"]
[WhiteElo "2174"]
[BlackElo "2243"]
[Annotator "RC"]
[PlyCount "68"]
[EventDate "2020.08.16"]
[EventType "swiss"]
[EventCountry "GER"]
[SourceTitle "playchess.com"]
[Source "ChessBase"]
[SourceQuality "1"]
[TimeControl "40/5400+30:1800+30"]

1. d4 {[%emt 0:00:00]} Nf6 {[%emt 0:00:00]} 2. c4 {[%emt 0:00:00]} e6 {[%emt 0:00:07]} 3. Nc3 {[%emt 0:00:00]} Bb4 {[%emt 0:00:21]} 4. e3 {[%emt 0:01:34]} O-O {[%emt 0:00:41]} 5. Bd3 {[%emt 0:00:26]} c5 {[%emt 0:00:40]} 6. Nge2 {[%emt 0:01:53]} d5 {[%emt 0:00:34]} 7. a3 {[%emt 0:03:26]} cxd4 {[%emt 0:01:38]} 8. exd4 {[%emt 0:01:01]} dxc4 {[%emt 0:01:16]} 9. Bxc4 {[%emt 0:00:24]} Be7 {[%emt 0:01:52]} 10. Nf4 {[%emt 0:07:46]} Nc6 {[%emt 0:03:34]} 11. Be3 {[%emt 0:01:49]} e5 {[%emt 0:06:08]} 12. dxe5 {[%emt 0:03:31]} Nxe5 {[%emt 0:00:23]} 13. Be2 {[%emt 0:04:03]} Neg4 {[%emt 0:04:39]} 14. Qxd8 {[%emt 0:03:24]} Rxd8 {[%emt 0:01:39]} 15. Bc1 {[%emt 0:00:42]} Bf5 {[%emt 0:08:11]} 16. h3 {[%emt 0:06:53]} Ne5 {[%emt 0:01:58]} 17. g4 {[%emt 0:00:45]} Bc2 {[%emt 0:06:21]} 18. O-O {[%emt 0:05:33]} Ne4 {[%emt 0:06:52]} 19. Nxe4 {[%emt 0:06:38]} Bxe4 {[%emt 0:00:30]} 20. f3 {[%emt 0:07:16]} Bc5+ {[%emt 0:03:18]} 21. Kg2 {[%emt 0:02:13]} Bc2 {[%emt 0:04:12]} 22. b4 {[%emt 0:04:16]} Bd4 {[%emt 0:04:07]} 23. Ra2 {[%emt 0:00:18]} Rac8 {[%emt 0:05:03]} 24. Bb2 {[%emt 0:06:20]} Bb3 {[%emt 0:14:54]} 25. Bxd4 {[%emt 0:00:29]} Rxd4 {[%emt 0:00:29]} 26. Rb2 {[%emt 0:00:37]} Ba4 {[%emt 0:04:24]} 27. Nh5 {[%emt 0:04:13]} Nd3 {[%emt 0:01:06]} 28. Bxd3 {[%emt 0:08:15]} Rxd3 {[%emt 0:00:08]} 29. Nf4 {[%emt 0:01:33]} Rxa3 {[%emt 0:01:43]} 30. Nd5 {[%emt 0:01:08]} Kf8 {[%emt 0:03:08]} 31. Kg3 {[%emt 0:03:53]} Rd8 {[%emt 0:02:23]} 32. Rd2 {[%emt 0:01:35]} Bb3 {[%emt 0:00:52]} 33. Rb1 {[%emt 0:01:14]} Bxd5 {[%emt 0:01:21]} 34. Rbd1 {[%emt 0:00:04]} Rxf3+ {[%emt 0:00:09]} 0-1

[Event "91st GER-ch 2020"]
[Site "Magdeburg"]
[Date "2020.08.22"]
[Round "9.16"]
[White "Michalowski, Peter"]
[Black "Hundack, Rolf"]
[Result "1-0"]
[WhiteElo "2106"]
[BlackElo "2126"]
[Annotator "TA"]
[PlyCount "47"]
[EventDate "2020.08.16"]
[EventType "swiss"]
[EventCountry "GER"]
[SourceTitle "playchess.com"]
[Source "ChessBase"]
[SourceQuality "1"]

{[%evp 17,47,-8,-8,0,13,0,5,14,80,80,82,76,119,119,119,116,122,110,112,119,108,108,237,191,195,150,500,130,29994,29995,29997,29998]} 1. e4 e5 2. Nf3 Nc6 3. d4 exd4 4. Nxd4 Nf6 5. Nc3 Bb4 6. Nxc6 bxc6 7. Bd3 d5 8. exd5 cxd5 9. O-O O-O 10. h3 {C47: Scotch Four Knights and Four Knights with 4 g3.} h6 11. Qf3 Bd6 12. Nb5 {The position is equal.} Be5 {[#]} (12... Bc5 $11) 13. Re1 $146 ({Predecessor:} 13. Bf4 Bxf4 14. Qxf4 a6 15. Nd4 Bb7 16. b4 Ne4 17. Rfe1 Re8 18. Nb3 Rb8 19. a3 {1-0 (54) Toczek,G (2246)-Varley,P (2171) Bridgend 2019}) 13... Re8 14. Bf4 Bxb2 15. Nxc7 {[%mdl 64] Double Attack} Bxa1 16. Rxa1 Bb7 17. Rb1 ({Don't do} 17. Nxa8 $6 Bxa8 18. Rb1 d4 $11) 17... Bc6 {Black wants to play ...Rb8.} 18. Nxe8 Nxe8 19. Qg3 Kf8 (19... Qf6 $16 20. c3 Rc8) 20. Re1 {Bh7 is the strong threat.} Qa5 21. Re3 $40 {[%mdl 128] Black must now prevent Bxh6! White has strong attack.} ({Don't play} 21. Qe3 Nf6 $16) 21... Rd8 $2 (21... d4 $16 {is tougher.} 22. Bh7 Rd8) 22. Bh7 $2 (22. Qh4 $18 {is the precise move to win. Strongly threatening Bxh6!} Nf6 {[#]} 23. Bxh6 $1 {[%mdl 512]}) 22... g5 $2 {[%mdl 8192] [#]} (22... d4 $16 23. Re2 Qxa2) 23. Bxg5 $1 {[%mdl 512]} hxg5 24. Qxg5 {Black did not feel at home in the position after the opening. Accuracy: White = 71%, Black = 38%.} 1-0

[Event "91st GER-ch 2020"]
[Site "Magdeburg"]
[Date "2020.08.22"]
[Round "9.17"]
[White "Gustain, Marc"]
[Black "Neurohr, Juergen"]
[Result "1-0"]
[WhiteElo "2173"]
[BlackElo "2022"]
[Annotator "ChessBase"]
[PlyCount "33"]
[EventDate "2020.08.16"]
[EventType "swiss"]
[EventCountry "GER"]
[SourceTitle "playchess.com"]
[Source "ChessBase"]
[SourceQuality "1"]
[TimeControl "40/5400+30:1800+30"]

1. e4 {[%emt 0:00:00]} e5 {[%emt 0:00:00]} 2. Bc4 {[%emt 0:00:30]} Nf6 {[%emt 0:00:00]} 3. d4 {[%emt 0:00:29]} exd4 {[%emt 0:00:00]} 4. Nf3 {[%emt 0:00:07]} Nc6 {[%emt 0:00:02]} 5. O-O {[%emt 0:00:36]} Nxe4 {[%emt 0:00:13]} 6. Re1 {[%emt 0:00:22]} d5 {[%emt 0:00:13]} 7. Bxd5 {[%emt 0:00:08]} Qxd5 {[%emt 0:00:06]} 8. Nc3 {[%emt 0:00:10]} Qa5 {[%emt 0:00:14]} 9. Nxe4 {[%emt 0:00:09]} Be6 {[%emt 0:00:28]} 10. Neg5 {[%emt 0:00:13]} O-O-O {[%emt 0:03:53]} 11. Nxe6 {[%emt 0:00:15]} fxe6 {[%emt 0:00:19]} 12. Rxe6 {[%emt 0:00:08]} Bd6 {[%emt 0:06:27]} 13. Qe2 {[%emt 0:06:55]} Qh5 {[%emt 0:03:52]} 14. Bd2 {[%emt 0:01:44]} Rde8 {[%emt 0:10:38]} 15. Re1 {[%emt 0:01:50]} Kd7 {[%emt 0:01:13]} 16. Ne5+ {[%emt 0:10:30]} Nxe5 {[%emt 0:06:09]} 17. Rxd6+ {[%emt 0:03:49]} 1-0